| 000 | 01686nam a2200313 a 4500 | ||
|---|---|---|---|
| 001 | BRCA_4922 | ||
| 005 | 20190320204847.0 | ||
| 008 | 201010s1822----mx-#######---#000-0#spa-# | ||
| 041 | _aspa | ||
| 044 | _amx | ||
| 084 |
_aDOC17 _b.L67 _c1822 |
||
| 100 | 1 |
_aLópez de Santa Anna, Antonio _d1794-1876 _912480 |
|
| 245 | 1 | 0 |
_aDocumento autógrafa de Don Antonio López de Santa Anna _cAntonio López de Santa Anna, José Manuel de Herrera. |
| 260 |
_aMéxico _c1822 |
||
| 300 |
_a[2] fojas _c29 x 20 cm |
||
| 500 | _aCarta firmada en 1822 | ||
| 500 | _aCarta autógrafa de Don Antonio López de Santa Anna dirigida a Don José Manuel de Herrera, en ella le dá cuenta de la forma como a través del Teniente Mariano Rivera, ha entablado relaciones con el General español Don José Dávila pudiendo en esta forma conocer los planes del ejército español. Adjunto le envía la carta que le digiriera al General Dávila a través del Teniente Rivera para su conocimiento y le pide se la devuelva. | ||
| 500 | _aEl documento tiene la leyenda DOC. #26 | ||
| 500 | _aPapel con marca de agua | ||
| 500 | _aEstado de conservación: Contiene lagunas en los márgenes, anotaciones con tinta roja y acidificación | ||
| 506 | 0 | _aFondo reservado: para su consulta es necesario credencial de usuario y carta de motivos | |
| 546 | _aTexto en: español de principios del siglo XIX | ||
| 600 | 1 | 4 |
_aLópez de Santa Anna, Antonio _d1794-1876 _912480 |
| 651 | 4 |
_aMéxico _vManuscrito _xHistoria _yPrimeros gobiernos independientes, 1821-1824 _912481 |
|
| 700 | 1 |
_aHerrera, José _cCanciller _d1776-1831 _912482 |
|
| 700 | 1 |
_aRivera, Manriano _cTeniente _912483 |
|
| 902 | _aFDH | ||
| 942 |
_2lcc _cD |
||
| 999 |
_c4616 _d4616 |
||